| 000 | 00563nam a2200205Ia 4500 | ||
|---|---|---|---|
| 003 | OSt | ||
| 005 | 20220830105322.0 | ||
| 008 | 220811b |||||||| |||| 00| 0 eng d | ||
| 020 | _a0132775875 | ||
| 040 | _cIFM Library | ||
| 082 | _a 332.64 2 | ||
| 100 |
_aHaugen, Robert A. _96056 |
||
| 245 | 4 | _aThe New Finance: Overreaction, Complexity and their Consequences | |
| 250 | _a4th ed. | ||
| 260 |
_aBoston: _bPerson Prentice Hall. _c2006 |
||
| 300 |
_axii, 141p.: _bill.; 23cm. |
||
| 500 | _aIncludes Glossary | ||
| 650 |
_aFinance _9638 |
||
| 942 |
_cBK _2ddc _n0 |
||
| 999 |
_c11804 _d11804 |
||